| 000 | 00346nam a22001577a 4500 | ||
|---|---|---|---|
| 003 | SGT | ||
| 020 | _a9788175349865 | ||
| 082 | _a346.486,JAI | ||
| 100 | _aJAIN,SHAIL | ||
| 245 | _aPATENT PROCEDURES AND PRACTICES | ||
| 250 | _a1ST | ||
| 260 |
_aNEW DELHI _bUNIVERSAL LAW HOUSE _c2011 |
||
| 300 | _a376 | ||
| 650 | _aPATENT | ||
| 942 |
_2ddc _cBK _05 |
||
| 999 |
_c9900 _d9900 |
||